Inside AutoCAD : (Record no. 183651)

000 -LEADER
fixed length control field 00877 a2200241 4500
003 - CONTROL NUMBER IDENTIFIER
control field Nust
005 - DATE AND TIME OF LATEST TRANSACTION
control field 20221019112422.0
010 ## - LIBRARY OF CONGRESS CONTROL NUMBER
LC control number 91010978
020 ## - INTERNATIONAL STANDARD BOOK NUMBER
International Standard Book Number 1562050036 :
035 ## - SYSTEM CONTROL NUMBER
System control number (DLC) 91010978
040 ## - CATALOGING SOURCE
Transcribing agency Nust
082 00 - DEWEY DECIMAL CLASSIFICATION NUMBER
Classification number 620.00420285,RAK
100 1# - MAIN ENTRY--PERSONAL NAME
Personal name Gesner, Rusty.
245 10 - TITLE STATEMENT
Title Inside AutoCAD :
Remainder of title the complete AutoCAD guide /
Statement of responsibility, etc. D. Raker & H. Rice
250 ## - EDITION STATEMENT
Edition statement Metric ed., 2nd metric ed. /
Remainder of edition statement by Rusty Gesner with David Byrnes and Jim Boyce.
260 ## - PUBLICATION, DISTRIBUTION, ETC.
Place of publication, distribution, etc. Gresham, Or. :
Name of publisher, distributor, etc. New Riders,
Date of publication, distribution, etc. c1991.
300 ## - PHYSICAL DESCRIPTION
Extent 1 v. (various pagings) :
Other physical details ill. ;
Dimensions 24 cm. +
Accompanying material 1 computer disk (5 1/4 in.)
505 ## - FORMATTED CONTENTS NOTE
Formatted contents note Part-1: Working in AutoCAD 2D (Page 1-1), Part-2: AutoCAD 3D (Page 13-1), Part-3: Customizing AutoCAD (Page 18-1)
700 1# - ADDED ENTRY--PERSONAL NAME
Personal name Boyce, Jim,
Dates associated with a name 1958-
9 (RLIN) 100767
700 1# - ADDED ENTRY--PERSONAL NAME
Personal name Byrnes, David,
Dates associated with a name 1947-
9 (RLIN) 100768
700 1# - ADDED ENTRY--PERSONAL NAME
Personal name Raker, Daniel.
9 (RLIN) 40545
942 ## - ADDED ENTRY ELEMENTS (KOHA)
Source of classification or shelving scheme
Koha item type Book
Holdings
Withdrawn status Lost status Source of classification or shelving scheme Damaged status Not for loan Permanent Location Current Location Shelving location Date acquired Full call number Barcode Date last seen Price effective from Koha item type Public note
          Military College of Signals (MCS) Military College of Signals (MCS) General Stacks 12/12/2016 620.00420285,RAK MCS2548 12/08/2016 12/12/2016 Book Almirah No.27, Shelf No.1
© 2023 Central Library, National University of Sciences and Technology. All Rights Reserved.